Ley orgánica del Tribunal del Jurado comentada (Record no. 12520)

MARC details
000 -LEADER
campo de control de longitud fija 01136nam a22002895i 4500
001 - NÚMERO DE CONTROL
campo de control 12520
003 - IDENTIFICADOR DE NÚMERO DE CONTROL
campo de control ES-MaACL
005 - FECHA Y HORA DE LA ÚLTIMA TRANSACCIÓN
campo de control 20250827062557.0
007 - CAMPO FIJO DE DESCRIPCIÓN FÍSICA--INFORMACIÓN GENERAL
campo de control de longitud fija t|
008 - DATOS DE LONGITUD FIJA--INFORMACIÓN GENERAL
campo de control de longitud fija 951212s1996 sp ||||0| spa j
020 ## - NÚMERO INTERNACIONAL ESTÁNDAR DEL LIBRO
Número Internacional Estándar del Libro 84-7879-241-4
040 ## - FUENTE DE CATALOGACIÓN
Centro catalogador/agencia de origen M-BN
Lengua de catalogación spa
Centro/agencia transcriptor M-BN
080 ## - NÚMERO DE LA CLASIFICACIÓN DECIMAL UNIVERSAL
Número de la Clasificación Decimal Universal 343.195.2(460)"1995"(094.5)
110 1# - ENTRADA PRINCIPAL--NOMBRE DE ENTIDAD CORPORATIVA
Nombre de entidad corporativa o nombre de jurisdicción como elemento de entrada España
9 (RLIN) 3622
240 10 - TÍTULO UNIFORME
Título uniforme Ley orgánica del Tribunal del Jurado, 1995
245 10 - MENCIÓN DEL TÍTULO
Título Ley orgánica del Tribunal del Jurado comentada
Resto del título : incluye las reformas operadas por la L.O. 8/1995, de 16 de noviembre, por la que se modifica la L.O. 5/1995, de 22 de mayo, del Tribunal del Jurado /
Mención de responsabilidad, etc. comentarios a cargo de Vicente Gimeno Sendra, José Garberí Llobregat.
250 ## - MENCION DE EDICION
Mención de edición 1ª ed.
260 ## - PUBLICACIÓN, DISTRIBUCIÓN, ETC.
Lugar de publicación, distribución, etc. Madrid :
Nombre del editor, distribuidor, etc. Colex,
Fecha de publicación, distribución, etc. 1996.
300 ## - DESCRIPCIÓN FÍSICA
Extensión 528 p ;
Dimensiones 20 cm.
500 ## - NOTA GENERAL
Nota general Indice analítico.
650 #4 - PUNTO DE ACCESO ADICIONAL DE MATERIA--TÉRMINO DE MATERIA
Término de materia o nombre geográfico como elemento de entrada Jurado-
Subdivisión geográfica España-
Subdivisión de forma Legislación.
9 (RLIN) 14028
700 1# - ENTRADA AGREGADA--NOMBRE PERSONAL
Nombre de persona Gimeno Sendra, Vicente.
9 (RLIN) 57097
700 1# - ENTRADA AGREGADA--NOMBRE PERSONAL
Nombre de persona Garberí Llobregat, José.
9 (RLIN) 53956
852 ## - LOCALIZACIÓN
Ubicación ES-MaACL
Número de control de estantería A-15245
Sublocalización o colección R.126044
itemnumber 12836
Ubicación en estantería Depósito 1
Signatura antigua Olim: L 343.1(460)"1995" ESP
-- Olim: Meseton
942 ## - ELEMENTOS DE ENTRADA SECUNDARIOS (KOHA)
Fuente del sistema de clasificación o colocación Clasificación decimal universal
Holdings
Estatus retirado Estado de pérdida Fuente del sistema de clasificación o colocación Estado de daño No para préstamo Biblioteca de origen Biblioteca actual Ubicación en estantería Fecha de adquisición Fuente de adquisición Total de préstamos Signatura topográfica completa Código de barras Visto por última vez Precio de reemplazo Tipo de ítem Koha
    Clasificación decimal universal     Biblioteca del Ateneo de Madrid Biblioteca del Ateneo de Madrid Depósito 1 17/01/2008 Compra   A-15245 1012756 23/02/2023 23/02/2023 Libro impreso